00297nam a2200133Ia 45000030006000000080041000060400015000471000014000622450039000762500010001152600009001255460012001340050017001460STCL150530s9999 xx 000 0 und d aSTCLcSTCL aTilak, R. aHistory of the American Literature aFirst c1989 aEnglish20220125171337.0